000 00298nam a2200121Ia 4500
008 200103s9999||||xx |||||||||||||| ||und||
040 _aIMU-MPC
082 _aColumn-50
100 _aClifford, Martin
245 0 _aElectronics Data Handbook
260 _bIliffe Books Ltd., London
_c1964
942 _cBK
999 _c9795
_d9795